| 000 | 00478nam a2200169 i 4500 | ||
|---|---|---|---|
| 001 | 38290 | ||
| 003 | ES-MaACL | ||
| 005 | 20250902063051.0 | ||
| 007 | t| | ||
| 008 | 030225s1899 sp ||||1| spa d | ||
| 100 | 1 |
_aCalderón, Alfredo, _d1850-1907 _933593 |
|
| 245 | 1 | 0 |
_aDe mis campañas / _cAlfredo Calderón. |
| 260 |
_aBarcelona : _b[s.n., _c1899] ( _fImp. Henrich y Cia.) |
||
| 300 |
_a322 p. ; _c21 cm. |
||
| 852 |
_aES-MaACL _jG-10624 |
||
| 999 |
_c38290 _d38290 |
||